000 00748nam a2200181Ia 4500
008 100920s9999 xx 000 0 und d
082 _b67609
_a891.43 थ 95
100 _a---
245 _aभारतीय जन-जीवन चिंतन के दर्पण में.
260 _bसूचना और प्रसारण मन्त्रालय, भारत सरकार.
_c1995
300 _a191
_bसाधी
365 _b45
520 _aहिंदी.
630 _aभारतीय जन-जीवन चिंतन के दर्पण में.
650 _aहिंदी.
730 _aभारतीय जन-जीवन चिंतन के दर्पण में.
942 _cBOOK
999 _c710047
_d710044